000 00811nam a2200253Ia 4500
003 OSt
005 20220918171552.0
006 a|||||r|||| 00| 0
007 ta
008 220917b |||||||| |||| 00| 0 eng d
020 _a9781856048095 (hbk)
_c4454.54
024 _a267,435
037 _bIN5740, 28/12/2012, New India Book Agency
_cTextual
040 _aARTS
_cARTS
_beng
041 _2eng
_aeng
082 _a20aD65,48, Q2
100 _aWalsh Andrew
_937337
245 0 _aUsing mobile technology to deliver library services
_b A hand book
260 _aLondon
_bFacet Publishing UK
_c2012
300 _axxiii, 134p.
_ccm.
650 _aLIBRARY SCIENCE
942 _h20aD65,48, Q2
_cTEXL
_2CC
999 _c140173
_d140173